00509nam a2200181Ia 4500100001600000650001100016250000600027942000700033366000700040654001100047245002900058260002800087082001600115300000800131546001200139999001700151952015900168 aShaw/Zed A  aPython a3 cBK f20 apython aLearn Python the hardway bPearson Educationc2017 a5.133bSHAW a287 aENGLISH c24354d24354 001040708CRCaCRCEbCRCEd2023-03-17eAllied Publisherg540.00i791 dt 04.12.2017l1o5.133 SHAWp24993r2026-05-19s2023-06-12v675.00w0000-00-00yBK